Tovar & Predaj časopis pre obchod s rýchloobrátkovým a spotrebným tovarom
Enregistré dans:
| Format: | Publication en série |
|---|---|
| Langue: | slovaque |
| Publié: |
Praha
ATOZ Marketing Services
|
| Sujets: | |
| Tags: |
Pas de tags, Soyez le premier à ajouter un tag!
|
MARC
| LEADER | 00000nas1a2200000$$$4500 | ||
|---|---|---|---|
| 001 | 0148215 | ||
| 005 | 20231011070708.8 | ||
| 022 | |a 1805-0549 | ||
| 041 | 0 | |a slo | |
| 044 | |a CZ | ||
| 245 | 1 | 0 | |a Tovar & Predaj |b časopis pre obchod s rýchloobrátkovým a spotrebným tovarom |
| 264 | 1 | |a Praha |b ATOZ Marketing Services | |
| 610 | 2 | 0 | |a obchod |
| 610 | 2 | 0 | |a predaj |
| 610 | 2 | 0 | |a spotrebitelia |
| 610 | 2 | 0 | |a tovar spotrebný |